<?xml version="1.0" encoding="UTF-8"?>
<record
    xmlns:xsi="http://www.w3.org/2001/XMLSchema-instance"
    xsi:schemaLocation="http://www.loc.gov/MARC21/slim http://www.loc.gov/standards/marcxml/schema/MARC21slim.xsd"
    xmlns="http://www.loc.gov/MARC21/slim">

  <leader>00645nam a2200205Ia 4500</leader>
  <controlfield tag="003">IN-BaIIA</controlfield>
  <controlfield tag="008">211028s9999    xx            000 0 eng d</controlfield>
  <datafield tag="040" ind1=" " ind2=" ">
    <subfield code="c">IIA Library</subfield>
  </datafield>
  <datafield tag="080" ind1=" " ind2=" ">
    <subfield code="a">047.1:52</subfield>
    <subfield code="b">ARA-39</subfield>
  </datafield>
  <datafield tag="245" ind1=" " ind2="0">
    <subfield code="a">Annual review of astronomy and astrophysics</subfield>
    <subfield code="b">vol. 39</subfield>
    <subfield code="c">edited by Geoffrey Burbidge, Allan Sandage and  Frank H. Shu </subfield>
  </datafield>
  <datafield tag="260" ind1=" " ind2=" ">
    <subfield code="a">California</subfield>
    <subfield code="b">Annual Reviews</subfield>
    <subfield code="c">2001</subfield>
  </datafield>
  <datafield tag="300" ind1=" " ind2=" ">
    <subfield code="a">ix, 668p.</subfield>
  </datafield>
  <datafield tag="650" ind1=" " ind2=" ">
    <subfield code="a">astronomy</subfield>
    <subfield code="9">80</subfield>
  </datafield>
  <datafield tag="650" ind1=" " ind2=" ">
    <subfield code="a">astrophysics</subfield>
    <subfield code="9">794</subfield>
  </datafield>
  <datafield tag="650" ind1=" " ind2=" ">
    <subfield code="a">theoretical astrophysics</subfield>
    <subfield code="9">15234</subfield>
  </datafield>
  <datafield tag="700" ind1=" " ind2=" ">
    <subfield code="a">Burbidge, Geoffrey, ed.</subfield>
  </datafield>
  <datafield tag="700" ind1=" " ind2=" ">
    <subfield code="a">Sandage, Allan, ed.</subfield>
    <subfield code="9">9048</subfield>
  </datafield>
  <datafield tag="700" ind1=" " ind2=" ">
    <subfield code="a">Shu, Frank H., ed.</subfield>
  </datafield>
  <datafield tag="942" ind1=" " ind2=" ">
    <subfield code="c">BK</subfield>
  </datafield>
  <datafield tag="999" ind1=" " ind2=" ">
    <subfield code="c">14380</subfield>
    <subfield code="d">14380</subfield>
  </datafield>
  <datafield tag="952" ind1=" " ind2=" ">
    <subfield code="0">0</subfield>
    <subfield code="1">0</subfield>
    <subfield code="4">0</subfield>
    <subfield code="7">0</subfield>
    <subfield code="a">BAN</subfield>
    <subfield code="b">KAV</subfield>
    <subfield code="c">GEN</subfield>
    <subfield code="d">2001-12-10</subfield>
    <subfield code="g">8213.00</subfield>
    <subfield code="l">0</subfield>
    <subfield code="o">047.1:52/ ARA-39</subfield>
    <subfield code="p">15300</subfield>
    <subfield code="r">2021-11-05</subfield>
    <subfield code="v">8213.00</subfield>
    <subfield code="w">2001-12-10</subfield>
    <subfield code="y">BK</subfield>
    <subfield code="G">Rs. 8213.00</subfield>
  </datafield>
</record>
